000 00474nam a22001937a 4500
003 koha_MIRAKIL
005 20231213100125.0
008 231213b |||||||| |||| 00| 0 ||| d
020 _b978-6-05-445333-7
040 _aTR-IsEVY
_btur
_cTR-IsEVY
082 _a813.42 YEM/G
100 _aYemni, Sadık.
245 0 _aGizemli evren
260 _bÇizmeli Kedi,
_c2012
300 _a205 s.
650 _aTürk romanı.
650 _aTurkish fiction.
942 _2ddc
_cBK
999 _c14876
_d14876